LEADER 01777nam 2200409 n 450 001 996390018503316 005 20200818224714.0 035 $a(CKB)4940000000103127 035 $a(EEBO)2264191483 035 $a(UnM)99845361e 035 $a(UnM)99845361 035 $a(EXLCZ)994940000000103127 100 $a19910926d1545 uy | 101 0 $aeng 135 $aurbn||||a|bb| 200 10$aPrayers or meditacions$b[electronic resource] $ewherin the mynde is styrred paciently to suffre all afflictions here, to sette at nought the vayne prosperitie of this worlde, and alway to longe for the euerlastyng felicitie: collected out of certain holy woorkes by the moste vertuous and gracious princes Catharine, Quene of Englande, France, and Irelande 210 $a[Imprinted at london $cIn Fletestrete by Thomas Berthelet, printer to the kinges highnes$dthe seconde of Iune, the yeere of our lorde M. D. XLV.] [1545] 215 $a[64] p 300 $aAn edition, with an added prayer for Henry VIII, of: Prayers stirryng the mind unto heavenlye medytacions. 300 $aImprint from colophon. 300 $aSignatures: A-D. 300 $aIdentified as STC 4818 on reel 61:11. 300 $aD7v and D8 not filmed on reel 61. 300 $aReproduction of the original in the Bodleian Library. 300 $aAppears at reels 61 and 1626 (Bodleian Library copy). 330 $aeebo-0014 606 $aPrayers$vEarly works to 1800 615 0$aPrayers 700 $aCatharine Parr$cQueen, consort of Henry VIII, King of England,$f1512-1548.$01005765 801 0$bCu-RivES 801 1$bCu-RivES 801 2$bCStRLIN 801 2$bWaOLN 906 $aBOOK 912 $a996390018503316 996 $aPrayers or meditacions$92362416 997 $aUNISA LEADER 01644nam 2200385I 450 001 9910704704103321 005 20140205075442.0 035 $a(CKB)5470000002444689 035 $a(OCoLC)868077242 035 $a(EXLCZ)995470000002444689 100 $a20140114d2013 ua 0 101 0 $aeng 135 $aurmn||||||||| 181 $2rdacontent 182 $cc$2rdamedia 183 $2rdacarrier 200 10$aARRA-funded VS30 measurements using multi-technique approach at strong-motion stations in California and central-eastern United States /$fby Alan Yong [and three others] 210 1$aReston, Virginia :$cU.S. Department of the Interior, U.S. Geological Survey,$d2013. 215 $a1 online resource (iv, 59 pages) $cillustrations (some color) 225 1 $aOpen-file report ;$v2013-1102 300 $aTitle from title screen (viewed on Jan. 14, 2014). 320 $aIncludes bibliographical references (pages 33-40). 517 3 $aAmerican Recovery and Reinvestment Act (ARRA)-funded VS30 measurements using multi-technique approach at strong-motion stations in California and central-eastern United States 606 $aSeismic prospecting 606 $aProspecting$xGeophysical methods 615 0$aSeismic prospecting. 615 0$aProspecting$xGeophysical methods. 700 $aYong$b Alan$01403093 712 02$aGeological Survey (U.S.), 801 0$bGPO 801 1$bGPO 906 $aBOOK 912 $a9910704704103321 996 $aARRA-funded VS30 measurements using multi-technique approach at strong-motion stations in California and central-eastern United States$93474927 997 $aUNINA